Ohavné mordy boleslavské /

Uloženo v:
Hlavní autor: Dobrylovský, Jiří, 1961- (Autor)
Další autoři: Vitoušová, Jana (Autor)
Médium: Kniha
Jazyk:Czech
Vydáno: Brno : MOBA, 2026
Vydání:Vydání první
Témata:
Celkem bylo vypůjčeno:0x
Tagy:
Žádné tagy
LEADER 01441nam a2200409 i 4500
001 106211
003 CZ PrNK
005 20260428152158.0
007 ta
008 260420s2026 xr g 000 f cze
015 |a cnb003737804 
020 |a 9788027924653  |q (vázáno) 
040 |a ABG001  |b cze  |e rda 
072 7 |a 821.162.3-3  |x Česká próza  |2 Konspekt  |9 25 
080 |a 821.162.3-31  |2 MRF 
080 |a (0:82-311.6)  |2 MRF 
080 |a (0:82-312.4)  |2 MRF 
100 1 |a Dobrylovský, Jiří,  |d 1961-  |7 mzk2006322812  |4 aut  |9 31452 
245 1 0 |a Ohavné mordy boleslavské /  |c Jiří Dobrylovský, Jana Vitoušová 
250 |a Vydání první 
264 1 |a Brno :  |b MOBA,  |c 2026 
300 |a 267 stran ;  |c 21 cm 
336 |a text  |b txt  |2 rdacontent 
337 |a bez média  |b n  |2 rdamedia 
338 |a svazek  |b nc  |2 rdacarrier 
655 7 |a české romány  |7 fd133974  |2 czenas  |9 54031 
655 7 |a historické romány  |7 fd132414  |2 czenas  |9 53624 
655 7 |a detektivní romány  |7 fd132010  |2 czenas  |9 53536 
655 9 |a Czech fiction  |2 eczenas 
655 9 |a historical novels  |2 eczenas 
655 9 |a detective novels  |2 eczenas 
700 1 |a Vitoušová, Jana  |7 xx0268903  |4 aut  |9 117295 
710 2 |a Nakladatelství MOBA  |7 ko2011627903  |4 pbl  |9 117207 
910 |a UOG502 
942 |2 ddc  |c KN 
999 |d 106211 
993 |0 0  |1 421180106937  |2 ddc  |4 0  |7 0  |9 99554  |b 0  |c 106937  |d 2026-04-28  |e 0  |f DOSP  |h 359.00  |i Koupě  |l DOSP  |r 2026-04-28  |t 6  |w 2026-04-28  |y KN  |z KRIMI  |n